Werewolves of London Lyrics Quiz - Statistics

General Stats
  • This quiz has been taken 25 times
  • The average score is 119 of 187
Answer Stats
% Correct
a
100%
of
100%
He
95%
I
95%
Lon
95%
London
95%
werewolves
95%
Werewolves
95%
saw
90%
the
90%
his
85%
was
85%
Werewolf
85%
werewolf
85%
in
80%
who
80%
you
80%
better
75%
chinese
75%
chow
75%
hair
75%
hand
75%
menu
75%
with
75%
beef
70%
He'll
70%
him
70%
Ho
70%
mein
70%
your
70%
for
65%
Jim
65%
out
65%
Soho
65%
again
60%
And
60%
big
60%
Lee
60%
looking
60%
lungs
60%
old
60%
rip
60%
Vicks
60%
Walking
60%
walking
60%
at
55%
away
55%
called
55%
get
55%
lady
55%
last
55%
night
55%
perfect
55%
place
55%
rain
55%
stay
55%
streets
55%
to
55%
Trader
55%
dish
50%
Fook's
50%
from
50%
got
50%
He's
50%
he's
50%
I'd
50%
late
50%
let
50%
Little
50%
not
50%
You'd
50%
colada
45%
drinking
45%
gent
45%
like
45%
meet
45%
mutilated
45%
piña
45%
tailor
45%
through
45%
Chaney
40%
Doing
40%
doing
40%
door
40%
hear
40%
Kent
40%
amuck
35%
been
35%
howling
35%
If
35%
Junior
35%
Mayfair
35%
Queen
35%
ran
35%
around
30%
Gonna
30%
hairy-handed
30%
Lately
30%
overheard
30%
kitchen
25%
blood
15%
draw
15%
Huh
15%
Well
15%
Ah-ooh
5%
Uh
5%
No matching quizzes found
Score Distribution
Percent of People with Each Score
Percentile by Number Answered
Your Score History
You have not taken this quiz